| 000 | 00661nam a22001817a 4500 | ||
|---|---|---|---|
| 999 |
_c535983 _d535983 |
||
| 003 | NUST | ||
| 038 | _aIESE | ||
| 082 |
_a363.7 _bNAS |
||
| 100 |
_aKanza Naseer _930935 |
||
| 245 |
_aMicrobial characterization and water quality assessment of integrated constructed wetland _cKanza Naseer |
||
| 260 |
_aIslamabad _bIESE (SCEE) NUST _c2019 |
||
| 300 | _a51p. | ||
| 440 |
_aMS Environmental Science _91724 |
||
| 500 | _aThesis MS ES | ||
| 650 |
_aEnvironmental Science _91725 |
||
| 700 | _4Dr. Imran Hashmi (Supervisor) | ||
| 942 |
_2ddc _cTHE _kIESE |
||